000 00503nam a2200205Ia 4500
003 OSt
005 20250814091845.0
020 _a9780073034454
040 _cLC
050 _aRA 776 .H 34 1999
_b1
100 _aHAHN, DALE B.
245 0 _aFOCUS ON HEALTH
250 _a4
260 _aBOSTON,
_bWCB McGRAW-HILL COMPANIES,
_c1999,
300 _aXXV, 466 P, ILL
500 _aINCLUDES BIBLIOGRAPHICAL REFERENCES AND INDEX
650 _aHealth
700 _aPAYNE, WAYNE A
942 _cBK
_2lcc
_n0
999 _c195241
_d195241